000
00275 a2200109 4500
003
Nust
005
20170207154226.0
040
_c
Nust
082
_a
371.33
245
_a
Visit (So.I .C )Biennual Fitness (VHS-176)
440
_a
Visit (So.I .C )Biennual Fitness (VHS-176)
538
_a
Duration in Minutes-115
999
_c
195568
_d
195568